[Event "ESP-ch 86th"]
[Site "Linares"]
[Date "2021.08.21"]
[Round "6"]
[White "Perez Guerra, Raul"]
[Black "Martin Rodriguez, Pablo"]
[Result "1-0"]
[WhiteElo "2221"]
[BlackElo "2023"]
[PlyCount "63"]
[EventDate "2021.08.16"]
[EventType "swiss"]
[EventRounds "9"]
[EventCountry "ESP"]
[SourceTitle "CBM 204 Extra"]
[Source "ChessBase"]
[SourceDate "2021.11.30"]
[SourceVersion "1"]
[SourceVersionDate "2021.11.30"]
[SourceQuality "1"]

1. e4 c5 2. Nc3 g6 3. g3 Bg7 4. Bg2 Nc6 5. Nge2 d6 6. d3 Nf6 7. h3 0-0 8. 0-0 Rb8 9. f4 Bd7 10. g4 b5 11. g5 Ne8 12. Ng3 b4 13. Nd5 Nc7 14. Ne3 a5 15. f5 Ne8 16. Qg4 Ne5 17. Qh4 f6 18. Ng4 Nxg4 19. hxg4 fxg5 20. Bxg5 Nf6 21. Ne2 Be8 22. Nf4 Bf7 23. Rf3 Re8 24. Raf1 Nd7 25. fxg6 hxg6 26. Rh3 Nf8 27. Bh6 Bf6 28. g5 Bd4+ 29. Kh1 Nd7 30. Bg7 Bxg7 31. Qh7+ Kf8 32. Ne6# 1-0

[Event "ESP-chT CECLUB Div2"]
[Site "Linares"]
[Date "2021.08.10"]
[Round "3.6"]
[White "Eizaguerri Floris, Maria"]
[Black "Martin Rodriguez, Pablo"]
[Result "1/2-1/2"]
[WhiteElo "2301"]
[BlackElo "2023"]
[PlyCount "62"]
[EventDate "2021.08.09"]
[EventType "team-swiss"]
[EventRounds "7"]
[EventCountry "ESP"]
[SourceTitle "CBM 203 Extra"]
[Source "ChessBase"]
[SourceDate "2021.09.30"]
[SourceVersion "1"]
[SourceVersionDate "2021.09.30"]
[SourceQuality "1"]
[WhiteTeam "Silla Bosch Serinsys II"]
[BlackTeam "Isla Bonita"]
[WhiteTeamCountry "ESP"]
[BlackTeamCountry "ESP"]

1. e4 c5 2. Nf3 e6 3. d4 cxd4 4. Nxd4 a6 5. Nc3 Bb4 6. Bd2 Ne7 7. g3 Nbc6 8. Nxc6 Nxc6 9. Bg2 0-0 10. 0-0 d6 11. a4 b6 12. Ne2 Bxd2 13. Qxd2 Qc7 14. f4 Bb7 15. Rad1 Rfd8 16. f5 exf5 17. exf5 Ne5 18. Bxb7 Qxb7 19. Nd4 f6 20. b3 Rac8 21. c4 Rd7 22. Qg2 Qxg2+ 23. Kxg2 d5 24. cxd5 Rxd5 25. Ne6 Rc2+ 26. Kh3 Rdd2 27. Rxd2 Rxd2 28. Rc1 h5 29. Rc8+ Kh7 30. Nf8+ Kh6 31. Ne6 Kh7 1/2-1/2

[Event "Las Palmas-ch"]
[Site "Las Palmas"]
[Date "2021.03.30"]
[Round "7.2"]
[White "Martin Rodriguez, Pablo"]
[Black "Hernandez Capote, Carmen"]
[Result "1/2-1/2"]
[WhiteElo "2040"]
[BlackElo "1735"]
[PlyCount "51"]
[EventDate "2021.03.26"]
[EventType "tourn"]
[EventRounds "9"]
[EventCountry "ESP"]
[SourceTitle "EXT 2024"]
[Source "ChessBase"]
[SourceDate "2023.10.10"]
[SourceVersion "1"]
[SourceVersionDate "2023.10.10"]
[SourceQuality "1"]

1. d4 Nf6 2. c4 g6 3. g3 Bg7 4. Bg2 d6 5. Nf3 0-0 6. 0-0 Nc6 7. Nc3 a6 8. h3 Rb8 9. e4 Nd7 10. Be3 e5 11. d5 Ne7 12. Ne1 f5 13. Nd3 Nf6 14. Bg5 Nxe4 15. Nxe4 fxe4 16. Nc1 h6 17. Be3 Nf5 18. Qe2 Nd4 19. Bxd4 exd4 20. Qxe4 Bf5 21. Qe2 g5 22. Qd2 Qf6 23. Nd3 Rbe8 24. Rae1 Rxe1 25. Nxe1 Re8 26. Nd3 1/2-1/2

[Event "San Cristobal de La Laguna op 2nd"]
[Site "San Cristobal de la Laguna"]
[Date "2019.09.08"]
[Round "9"]
[White "Martin Rodriguez, Pablo"]
[Black "Martin Hernandez, Jonas David"]
[Result "0-1"]
[WhiteElo "2004"]
[BlackElo "1873"]
[PlyCount "40"]
[EventDate "2019.08.31"]
[EventType "swiss"]
[EventRounds "9"]
[EventCountry "ESP"]
[SourceTitle "EXT 2020"]
[Source "ChessBase"]
[SourceDate "2019.10.17"]
[SourceVersion "1"]
[SourceVersionDate "2019.10.17"]
[SourceQuality "1"]

1. c4 e5 2. Nc3 Nc6 3. g3 f5 4. Bg2 Nf6 5. e3 d5 6. cxd5 Nb4 7. d3 Nfxd5 8. Nxd5 Nxd5 9. a3 c6 10. Ne2 Bc5 11. 0-0 Bb6 12. b3 0-0 13. Bb2 Qe8 14. e4 Nf6 15. h3 fxe4 16. dxe4 Qh5 17. Nc3 Bg4 18. Qd3 Rad8 19. Qc4+ Kh8 20. h4 Rd4 0-1

[Event "San Cristobal de La Laguna op 2nd"]
[Site "San Cristobal de la Laguna"]
[Date "2019.09.06"]
[Round "7"]
[White "Martin Rodriguez, Pablo"]
[Black "Bintakies, Michael"]
[Result "1/2-1/2"]
[WhiteElo "2004"]
[BlackElo "2166"]
[PlyCount "60"]
[EventDate "2019.08.31"]
[EventType "swiss"]
[EventRounds "9"]
[EventCountry "ESP"]
[SourceTitle "EXT 2020"]
[Source "ChessBase"]
[SourceDate "2019.10.17"]
[SourceVersion "1"]
[SourceVersionDate "2019.10.17"]
[SourceQuality "1"]

1. d4 d5 2. Nf3 Nf6 3. g3 Bf5 4. Bg2 e6 5. c4 c6 6. 0-0 Be7 7. Nfd2 0-0 8. Nc3 Nbd7 9. e4 dxe4 10. Ndxe4 Nxe4 11. Nxe4 Nf6 12. Nc3 Qb6 13. c5 Qb4 14. a3 Qc4 15. Re1 Rad8 16. Be3 e5 17. Bf1 Qe6 18. Qa4 exd4 19. Bxd4 Qd7 20. Rad1 Qc7 21. Be5 Rxd1 22. Qxd1 Qd8 23. b4 Qxd1 24. Rxd1 Rd8 25. Rxd8+ Bxd8 26. Bg2 Be7 27. Bd4 a6 28. Kf1 Kf8 29. Ke2 g6 30. h3 h5 1/2-1/2

[Event "San Cristobal de La Laguna op 1st"]
[Site "San Cristobal de La Laguna"]
[Date "2018.09.06"]
[Round "8"]
[White "Mamani Beltran, Deniman"]
[Black "Martin Rodriguez, Pablo"]
[Result "0-1"]
[WhiteElo "1680"]
[BlackElo "1945"]
[PlyCount "82"]
[EventDate "2018.08.31"]
[EventType "swiss"]
[EventRounds "9"]
[EventCountry "ESP"]
[SourceTitle "CBM 186 Extra"]
[Source "ChessBase"]
[SourceDate "2018.08.24"]
[SourceVersion "1"]
[SourceVersionDate "2018.08.24"]
[SourceQuality "1"]

1. e4 c5 2. Nf3 e6 3. d4 cxd4 4. Nxd4 a6 5. Be2 Nf6 6. Qd3 Qc7 7. 0-0 d6 8. Nc3 Be7 9. Be3 Nbd7 10. f3 b5 11. a3 Bb7 12. Qd2 0-0 13. Rfd1 Rfd8 14. Rac1 Rac8 15. Kh1 Ne5 16. Bf4 Nfd7 17. Be3 Nc4 18. Bxc4 Qxc4 19. Qd3 Ne5 20. Qd2 Qc7 21. Nb1 Nc4 22. Qc3 d5 23. exd5 Bxd5 24. Nd2 Nxe3 25. Qxe3 Bc5 26. Ne4 e5 27. Nxc5 exd4 28. Nxa6 dxe3 29. Nxc7 Rxc7 30. Rd3 Rcd7 31. Rxe3 g6 32. h3 Be6 33. Rce1 Rd2 34. R3e2 Bc4 35. Rxd2 Rxd2 36. Rc1 Be2 37. b3 Rd1+ 38. Rxd1 Bxd1 39. c4 bxc4 40. bxc4 Kf8 41. Kg1 Ke7 0-1

[Event "San Cristobal de La Laguna op 1st"]
[Site "San Cristobal de La Laguna"]
[Date "2018.09.01"]
[Round "2"]
[White "Zaragatski, Ilja"]
[Black "Martin Rodriguez, Pablo"]
[Result "1-0"]
[WhiteElo "2480"]
[BlackElo "1945"]
[PlyCount "74"]
[EventDate "2018.08.31"]
[EventType "swiss"]
[EventRounds "9"]
[EventCountry "ESP"]
[SourceTitle "CBM 186 Extra"]
[Source "ChessBase"]
[SourceDate "2018.08.24"]
[SourceVersion "1"]
[SourceVersionDate "2018.08.24"]
[SourceQuality "1"]

1. Nf3 c5 2. g3 Nc6 3. Bg2 g6 4. c4 Bg7 5. Nc3 e5 6. a3 Nge7 7. b4 d6 8. Rb1 0-0 9. 0-0 Rb8 10. d3 b6 11. Ne1 h6 12. Nc2 Nd4 13. Ne3 Bb7 14. Ned5 f5 15. a4 a5 16. bxa5 bxa5 17. Rxb7 Rxb7 18. Nf6+ Rxf6 19. Bxb7 Ndc6 20. Bd2 Nb4 21. Bg2 Rf8 22. Nb5 Qd7 23. f4 Kh7 24. Kh1 Nec6 25. Bc1 exf4 26. gxf4 d5 27. cxd5 Nxd5 28. Qc2 Bd4 29. Nxd4 cxd4 30. Qc5 Rd8 31. Bd2 Ndb4 32. Rc1 Ne7 33. Qxa5 Nbd5 34. Bf3 Rb8 35. Rc5 Nb6 36. Rb5 Qe6 37. Qa7 Qd6 1-0

[Event "Canarias-chT"]
[Site "Vecindario"]
[Date "2018.06.01"]
[Round "2.2"]
[White "Martin Rodriguez, Pablo"]
[Black "Perez Bolanos, Joel"]
[Result "1/2-1/2"]
[WhiteElo "1955"]
[BlackElo "1630"]
[PlyCount "43"]
[EventDate "2018.05.31"]
[EventType "team-swiss"]
[EventRounds "6"]
[EventCountry "ESP"]
[SourceTitle "EXT 2019"]
[Source "ChessBase"]
[SourceDate "2018.10.10"]
[SourceVersion "1"]
[SourceVersionDate "2018.10.10"]
[SourceQuality "1"]
[WhiteTeam "Isla Bonita"]
[BlackTeam "Sociedad La Montana II"]
[WhiteTeamCountry "ESP"]
[BlackTeamCountry "ESP"]

1. c4 Nf6 2. g3 g6 3. Bg2 Bg7 4. Nc3 d6 5. d3 0-0 6. Rb1 e5 7. Nf3 Re8 8. 0-0 e4 9. Nxe4 Nxe4 10. dxe4 Rxe4 11. Ng5 Re7 12. c5 h6 13. cxd6 cxd6 14. Nf3 Bf5 15. Ra1 Nc6 16. a3 Na5 17. Nd2 Qb6 18. e4 Be6 19. Rb1 Ba2 20. Ra1 Be6 21. Rb1 Ba2 22. Ra1 1/2-1/2

[Event "Canarias-chT"]
[Site "Vecindario"]
[Date "2018.06.01"]
[Round "3.2"]
[White "Rodriguez Melian, Jose Luis"]
[Black "Martin Rodriguez, Pablo"]
[Result "0-1"]
[WhiteElo "2076"]
[BlackElo "1955"]
[PlyCount "116"]
[EventDate "2018.05.31"]
[EventType "team-swiss"]
[EventRounds "6"]
[EventCountry "ESP"]
[SourceTitle "EXT 2019"]
[Source "ChessBase"]
[SourceDate "2018.10.10"]
[SourceVersion "1"]
[SourceVersionDate "2018.10.10"]
[SourceQuality "1"]
[WhiteTeam "Guia"]
[BlackTeam "Isla Bonita"]
[WhiteTeamCountry "ESP"]
[BlackTeamCountry "ESP"]

1. d4 Nf6 2. c4 c5 3. d5 b5 4. cxb5 a6 5. bxa6 g6 6. Nc3 Bg7 7. Nf3 0-0 8. e4 Qa5 9. e5 Ne4 10. Qa4 Qxa4 11. Nxa4 Nxa6 12. Nb6 Ra7 13. Nxc8 Rxc8 14. Bxa6 Rxa6 15. 0-0 f5 16. Re1 Rca8 17. a3 Rb8 18. Re2 Rb3 19. Re3 Rb7 20. h4 d6 21. exd6 Rxd6 22. Rd3 e6 23. Bf4 Rxd5 24. Rad1 Rxd3 25. Rxd3 Bxb2 26. Rd8+ Kg7 27. a4 Bf6 28. Rb8 Ra7 29. a5 Rxa5 30. Rb7+ Kf8 31. Ne5 Bxe5 32. Bxe5 c4 33. Bg7+ Ke8 34. f3 Nd6 35. Rb8+ Kd7 36. Bf6 Rc5 37. Bc3 Rc8 38. Rb2 Kc6 39. Kf2 Nb5 40. Bf6 c3 41. Rc2 Kd5 42. Ke3 Kc4 43. Rc1 Ra8 44. g4 Ra2 45. h5 Ra3 46. hxg6 hxg6 47. gxf5 gxf5 48. Rc2 Nc7 49. Bg7 Nd5+ 50. Ke2 Ra1 51. Kf2 Kd3 52. Re2 Rh1 53. Rxe6 Rh2+ 54. Kg3 Rg2+ 55. Kxg2 Nf4+ 56. Kf2 Nxe6 57. Be5 c2 58. Bb2 Kd2 0-1

[Event "Isla de la Palma Semana Santa op 3rd"]
[Site "Isla de la Palma"]
[Date "2018.03.25"]
[Round "2"]
[White "Garcia Almeida, Aitana Maria"]
[Black "Martin Rodriguez, Pablo"]
[Result "1/2-1/2"]
[WhiteElo "1609"]
[BlackElo "1947"]
[PlyCount "51"]
[EventDate "2018.03.24"]
[EventType "swiss"]
[EventRounds "7"]
[EventCountry "ESP"]
[SourceTitle "CBM 183 Extra"]
[Source "ChessBase"]
[SourceDate "2018.04.19"]
[SourceVersion "1"]
[SourceVersionDate "2018.04.19"]
[SourceQuality "1"]

1. Nf3 Nf6 2. g3 e6 3. Bg2 d5 4. d3 b6 5. Nbd2 Bb7 6. 0-0 Be7 7. c3 0-0 8. Qc2 Nbd7 9. e4 dxe4 10. Nxe4 Nc5 11. Nxc5 Bxc5 12. d4 Bd6 13. Bg5 h6 14. Bxf6 Qxf6 15. Ng5 Qxg5 16. Bxb7 Rab8 17. Bg2 c5 18. f4 Qe7 19. d5 exd5 20. Bxd5 Qf6 21. Rad1 Rfe8 22. Rfe1 Rbd8 23. Rxe8+ Rxe8 24. Qb3 Re7 25. Qc4 Bc7 26. Be4 1/2-1/2

[Event "Santa Cruz La Palma Christmas op"]
[Site "Santa Cruz de La Palma"]
[Date "2017.12.19"]
[Round "4.3"]
[White "Guerra Arrocha, Daniel"]
[Black "Martin Rodriguez, Pablo"]
[Result "1-0"]
[WhiteElo "2071"]
[BlackElo "1812"]
[PlyCount "43"]
[EventDate "2017.12.16"]
[EventType "swiss"]
[EventRounds "7"]
[EventCountry "ESP"]
[SourceTitle "EXT 2024"]
[Source "ChessBase"]
[SourceDate "2023.10.10"]
[SourceVersion "1"]
[SourceVersionDate "2023.10.10"]
[SourceQuality "1"]

1. d4 Nf6 2. g3 c5 3. c3 cxd4 4. cxd4 d5 5. Bg2 Nc6 6. Nc3 a6 7. Nf3 Bg4 8. Ne5 Bf5 9. Qa4 Rc8 10. g4 Be4 11. Nxe4 Nxe4 12. 0-0 e6 13. Bf4 b5 14. Qxa6 Nxd4 15. Bxe4 dxe4 16. e3 Ne2+ 17. Kh1 Rc5 18. Nc6 Rxc6 19. Qxc6+ Qd7 20. Qa8+ Qd8 21. Qxe4 Nxf4 22. exf4 1-0

[Event "Fuerteventura op 1st"]
[Site "Fuerteventura"]
[Date "2016.10.01"]
[Round "5"]
[White "Martin Rodriguez, Pablo"]
[Black "Leon Varela, Luis"]
[Result "1/2-1/2"]
[WhiteElo "1919"]
[BlackElo "2170"]
[PlyCount "56"]
[EventDate "2016.09.30"]
[EventType "swiss"]
[EventRounds "7"]
[EventCountry "ESP"]
[SourceTitle "EXT 2017"]
[Source "ChessBase"]
[SourceDate "2016.10.25"]
[SourceVersion "1"]
[SourceVersionDate "2016.10.25"]
[SourceQuality "1"]

1. Nf3 d5 2. d4 Nf6 3. g3 c6 4. c4 dxc4 5. Bg2 g6 6. 0-0 Bg7 7. Na3 0-0 8. Nxc4 Be6 9. Nce5 Bd5 10. b3 Nbd7 11. Nxd7 Nxd7 12. Bb2 a5 13. a3 Nb6 14. e3 a4 15. b4 Be4 16. Qe2 Qd5 17. Ne1 Bxg2 18. Nxg2 Qc4 19. Qd2 e5 20. dxe5 Rfd8 21. Qc1 Rd3 22. Nf4 Qxc1 23. Rfxc1 Rb3 24. Bd4 Nd7 25. e6 Bxd4 26. exd4 fxe6 27. Nxe6 Re8 28. Nc5 Nxc5 1/2-1/2

[Event "ESP-ch U14"]
[Site "Granada"]
[Date "2016.07.15"]
[Round "7"]
[White "Martin Rodriguez, Pablo"]
[Black "Prado Lobo, Jonas"]
[Result "1-0"]
[WhiteElo "1794"]
[BlackElo "1977"]
[PlyCount "109"]
[EventDate "2016.07.11"]
[EventType "swiss"]
[EventRounds "9"]
[EventCountry "ESP"]
[SourceTitle "EXT 2024"]
[Source "ChessBase"]
[SourceDate "2023.10.10"]
[SourceVersion "1"]
[SourceVersionDate "2023.10.10"]
[SourceQuality "1"]

1. d4 Nf6 2. c4 e6 3. Nf3 c5 4. g3 cxd4 5. Nxd4 Nc6 6. Bg2 a6 7. 0-0 Bc5 8. Nb3 Ba7 9. Nc3 0-0 10. Nd2 Qe7 11. Nde4 Nxe4 12. Nxe4 Rd8 13. Nd6 Bc5 14. Ne4 Ba7 15. Nd6 Bc5 16. Ne4 Ba7 17. Nd6 Bc5 18. Ne4 Ba7 19. Nd6 Bc5 20. Ne4 Ba7 21. Nc3 d6 22. e3 Qc7 23. b3 Ne7 24. Bb2 Bd7 25. Ne4 Bc6 26. Qh5 Bxe4 27. Bxe4 Ng6 28. Rac1 Bc5 29. Rfd1 Qb6 30. Qe2 a5 31. h4 a4 32. h5 Ne5 33. Rb1 axb3 34. axb3 Ra2 35. Qc2 f5 36. Bg2 Ba3 37. Rd2 Ra8 38. Qd1 Bxb2 39. Rbxb2 Rxb2 40. Rxb2 Nxc4 41. Rb1 Ne5 42. Rc1 d5 43. Qc2 Nc6 44. Qc3 Ra3 45. h6 gxh6 46. Qf6 Qc7 47. Qxe6+ Qf7 48. Qd6 Ra5 49. b4 Rb5 50. Qxh6 Rxb4 51. Ra1 Re4 52. Ra8+ Re8 53. Rxe8+ Qxe8 54. Bxd5+ Kh8 55. Qf6# 1-0

[Event "ESP-ch U14"]
[Site "Granada"]
[Date "2016.07.14"]
[Round "6"]
[White "Ortin Blanco, Inigo"]
[Black "Martin Rodriguez, Pablo"]
[Result "0-1"]
[WhiteElo "2022"]
[BlackElo "1794"]
[PlyCount "72"]
[EventDate "2016.07.11"]
[EventType "swiss"]
[EventRounds "9"]
[EventCountry "ESP"]
[SourceTitle "EXT 2024"]
[Source "ChessBase"]
[SourceDate "2023.10.10"]
[SourceVersion "1"]
[SourceVersionDate "2023.10.10"]
[SourceQuality "1"]

1. d4 Nf6 2. c4 e6 3. Nf3 d5 4. g3 Be7 5. Bg2 0-0 6. 0-0 dxc4 7. Qc2 a6 8. a4 Bd7 9. Qxc4 Bc6 10. Bg5 Nbd7 11. Nc3 h6 12. Bxf6 Nxf6 13. Qd3 b6 14. Rfd1 Bb7 15. e4 Ra7 16. Ne5 Qa8 17. Nc4 Rd8 18. Qe2 Bb4 19. f3 Nd7 20. Ne3 c5 21. d5 Bxc3 22. bxc3 exd5 23. Nxd5 Bxd5 24. exd5 Re8 25. Qf1 Nf6 26. c4 Rae7 27. Re1 Qa7 28. Qf2 Qd7 29. Rxe7 Qxe7 30. a5 b5 31. cxb5 axb5 32. a6 Qa7 33. f4 Ng4 34. Qc2 c4+ 35. Kh1 Nf2+ 36. Kg1 Nd1+ 0-1

[Event "ESP-ch U14"]
[Site "Granada"]
[Date "2016.07.12"]
[Round "3"]
[White "Alonso Garcia, Aaron"]
[Black "Martin Rodriguez, Pablo"]
[Result "1/2-1/2"]
[WhiteElo "2062"]
[BlackElo "1794"]
[PlyCount "159"]
[EventDate "2016.07.11"]
[EventType "swiss"]
[EventRounds "9"]
[EventCountry "ESP"]
[SourceTitle "EXT 2024"]
[Source "ChessBase"]
[SourceDate "2023.10.10"]
[SourceVersion "1"]
[SourceVersionDate "2023.10.10"]
[SourceQuality "1"]

1. e4 c5 2. Nc3 Nc6 3. Nge2 g6 4. g3 Bg7 5. Bg2 e6 6. d3 d6 7. Be3 Nd4 8. 0-0 Ne7 9. Qd2 0-0 10. f4 Rb8 11. Rab1 a5 12. a3 Nec6 13. g4 f5 14. h3 Bd7 15. Nd1 Nxe2+ 16. Qxe2 b5 17. e5 Qc7 18. gxf5 exf5 19. Bd5+ Kh8 20. e6 Nd4 21. Bxd4 Bxd4+ 22. Kh2 Rfe8 23. Re1 Bc6 24. Qf3 Bxd5 25. Qxd5 Rbc8 26. Nc3 b4 27. Nb5 Qc6 28. c4 bxc3 29. Qxc6 Rxc6 30. bxc3 Bf6 31. c4 Re7 32. a4 Kg7 33. Kg3 Kf8 34. Rb3 Rb6 35. Kf3 Kg7 36. Re2 Kf8 37. Rb1 Kg7 38. Rg1 Kf8 39. Rh1 Bh4 40. Re3 Bf6 41. h4 h5 42. Kg2 Kg7 43. Re2 Kh6 44. Kf1 Kh7 45. Ke1 Kh6 46. Kd2 Kh7 47. Kc2 Kh6 48. Kb3 Kh7 49. Kc2 Kh6 50. Rb1 Bxh4 51. Nc3 Rxb1 52. Kxb1 Re8 53. Nd5 Be7 54. Kc1 h4 55. Kd1 Kh5 56. Ke1 Kg4 57. Rg2+ Kh5 58. Kf1 Kh6 59. Rb2 Kg7 60. Rb7 Kf8 61. Rd7 g5 62. fxg5 Bxg5 63. Rf7+ Kg8 64. Rxf5 Rf8 65. Rxf8+ Kxf8 66. Kg2 Bd8 67. Kh3 Ke8 68. Kg4 Kf8 69. Nf4 Kg7 70. Nd5 Kf8 71. Nf4 Kg7 72. Kf5 Be7 73. Kg4 Bd8 74. Nd5 Kf8 75. Ne3 Ke7 76. Kxh4 Kxe6+ 77. Kg4 Ke5 78. Nc2 Be7 79. Kf3 Bg5 80. Ke2 1/2-1/2

[Event "ESP-chT Regional U14"]
[Site "Padron"]
[Date "2016.06.23"]
[Round "1.52"]
[White "Martin Rodriguez, Pablo"]
[Black "Tabuenca Mendataurigoitia, Pedro"]
[Result "1-0"]
[WhiteElo "1812"]
[BlackElo "1408"]
[PlyCount "89"]
[EventDate "2016.06.23"]
[EventType "team-swiss"]
[EventRounds "6"]
[EventCountry "ESP"]
[SourceTitle "EXT 2017"]
[Source "ChessBase"]
[SourceDate "2016.10.25"]
[SourceVersion "1"]
[SourceVersionDate "2016.10.25"]
[SourceQuality "1"]
[WhiteTeam "Canarias"]
[BlackTeam "Cantabria"]
[WhiteTeamCountry "ESP"]
[BlackTeamCountry "ESP"]

1. Nf3 c5 2. c4 Nf6 3. Nc3 d6 4. d4 cxd4 5. Nxd4 g6 6. e4 Bg7 7. Be2 0-0 8. 0-0 Nc6 9. Be3 Be6 10. Nxe6 fxe6 11. f3 Qc7 12. Rc1 Rad8 13. Qb3 Na5 14. Qa4 b6 15. Rfd1 Qc6 16. Qxc6 Nxc6 17. Nb5 Rd7 18. b3 d5 19. cxd5 Nd8 20. dxe6 Nxe6 21. Bc4 Kf7 22. Nd4 Rd6 23. e5 Rdd8 24. Bxe6+ Ke8 25. exf6 Bxf6 26. Nc6 Ra8 27. Rd7 Rh8 28. Rcd1 Kf8 29. Rd8+ Rxd8 30. Rxd8+ Kg7 31. Bh6+ Kxh6 32. Rxh8 Bxh8 33. Nxe7 Bf6 34. Ng8+ Kg7 35. Nxf6 Kxf6 36. Bc4 h6 37. Kf2 g5 38. Ke3 Ke5 39. g4 a5 40. a4 Kd6 41. Ke4 Kc5 42. Kf5 Kd4 43. Kg6 Ke3 44. Kxh6 Kxf3 45. Kxg5 1-0

[Event "Canarias-ch U18"]
[Site "Vecindario"]
[Date "2016.05.28"]
[Round "3.5"]
[White "Martin Rodriguez, Pablo"]
[Black "Shi Zheng, Yuhang"]
[Result "1/2-1/2"]
[WhiteElo "1819"]
[BlackElo "1510"]
[PlyCount "70"]
[EventDate "2016.05.27"]
[EventType "swiss"]
[EventRounds "6"]
[EventCountry "ESP"]
[SourceTitle "EXT 2024"]
[Source "ChessBase"]
[SourceDate "2023.10.10"]
[SourceVersion "1"]
[SourceVersionDate "2023.10.10"]
[SourceQuality "1"]

1. Nf3 Nf6 2. g3 g6 3. Bg2 Bg7 4. 0-0 0-0 5. d4 d5 6. Nbd2 c5 7. e3 Nc6 8. c3 Re8 9. dxc5 e5 10. b4 a5 11. b5 Nb8 12. a4 Nbd7 13. Ba3 Qc7 14. Nb3 Bf8 15. Rc1 Nxc5 16. Bxc5 Bxc5 17. Nxc5 Qxc5 18. Nd2 Bg4 19. Qb3 Rac8 20. Qb2 Be6 21. Rfe1 Re7 22. Nb3 Qc7 23. Nd2 Nd7 24. e4 dxe4 25. Nxe4 f5 26. Qa3 Nc5 27. Nxc5 Qxc5 28. Qb2 Bc4 29. Bf1 e4 30. Qd2 Bxf1 31. Kxf1 Qc4+ 32. Kg1 Qxa4 33. c4 Qb4 34. Qd5+ Kf8 35. Qd4 Kg8 1/2-1/2

[Event "Canarias-ch U14"]
[Site "San Bartolome de Tirajana"]
[Date "2015.04.11"]
[Round "6"]
[White "Martin Rodriguez, Pablo"]
[Black "Crespo Martin, Nerea"]
[Result "1/2-1/2"]
[WhiteElo "1524"]
[BlackElo "1536"]
[PlyCount "81"]
[EventDate "2015.04.10"]
[EventType "swiss"]
[EventRounds "7"]
[EventCountry "ESP"]
[SourceTitle "EXT 2024"]
[Source "ChessBase"]
[SourceDate "2023.10.10"]
[SourceVersion "1"]
[SourceVersionDate "2023.10.10"]
[SourceQuality "1"]

1. Nf3 Nf6 2. g3 g6 3. Bg2 Bg7 4. 0-0 0-0 5. c4 d5 6. d4 dxc4 7. Qa4 Nc6 8. Qxc4 Ne4 9. e3 Nd6 10. Qe2 Bf5 11. a3 Qc8 12. Rd1 Bh3 13. Bh1 Bg4 14. Qc2 e5 15. dxe5 Nxe5 16. Nbd2 Ndc4 17. Re1 Nxd2 18. Nxe5 Bxe5 19. Bxd2 c6 20. Bc3 Qc7 21. Rec1 Rad8 22. Qe4 Bxc3 23. Rxc3 Bf5 24. Qa4 a6 25. Rac1 Rd2 26. b4 Rfd8 27. Bf3 Qe5 28. Qb3 Be6 29. Qb1 Qf6 30. Qe4 Bd5 31. Qf4 Qxf4 32. exf4 Bxf3 33. Rxf3 Ra2 34. f5 gxf5 35. Rxf5 Rxa3 36. Rc4 Rd6 37. Rcf4 Rd7 38. Rf6 Kg7 39. R6f5 Kg6 40. Rf6+ Kg7 41. R6f5 1/2-1/2